Discographie de Gorillaz - Statistiques

Statistiques générales
  • Ce quiz a été pris 8 fois
  • Le résultat moyen est 53 sur 166
Statistiques - réponses
Réponse Date de sortie % Correct
19-2000 feat. Tina Weymouth
100%
19-2000 (Soulchild remix) Soulchild remix
100%
DARE (feat. Shaun Ryder) feat. Shaun Ryder
100%
Clint Eastwood feat. Del the Funky Homosapien
83%
Clint Eastwood (Ed Case and Sweetie Irie Refix edit) (Ed Case and Sweetie Irie Refix edit)
83%
Demon Days 2005
83%
Feel Good Inc. feat. De La Soul
83%
Intro
83%
Kids with Guns
83%
5/4
67%
Every Planet We Reach Is Dead feat. Ike Turner
67%
O Green World
67%
On Melancholy Hill
67%
Plastic Beach 2010
67%
Re-Hash
67%
Rhinestone Eyes
67%
Stylo (feat. Mos Def and Bobby Womack) feat. Mos Def and Bobby Womack
67%
Tomorrow Comes Today
67%
All Alone feat. Roots Manuva & Martina Topley-Bird
50%
Andromeda (feat. D.R.A.M.) feat. D.R.A.M.
50%
Cracker Island 2023
50%
Cracker Island (feat. Thundercat) feat. Thundercat
50%
Damascus (feat. Omar Souleyman and Yasiin Bey) feat. Omar Souleyman and Yasiin Bey
50%
Dirty Harry (feat. Bootie Brown) feat. Bootie Brown
50%
El Mañana
50%
Gorillaz 2001
50%
Last Living Souls
50%
Orange County (feat. Bizarrap, Kara Jackson, and Anoushka Shankar) feat. Bizarrap, Kara Jackson, and Anoushka Shankar
50%
Punk
50%
Rock the House feat. Del the Funky Homosapien
50%
Saturnz Barz (feat. Popcaan) feat. Popcaan
50%
Superfast Jellyfish (feat. Gruff Rhys and De La Soul) feat. Gruff Rhys and De La Soul
50%
The Fall 2010
50%
The Hardest Thing (feat. Tony Allen) feat. Tony Allen
50%
The Manifesto (feat. Trueno and Proof) feat. Trueno and Proof
50%
The Moon Cave (feat. Asha Puthli, Bobby Womack, Dave Jolicoeur, Jalen Ngonda, and Black Thought) feat. Asha Puthli, Bobby Womack, Dave Jolicoeur, Jalen Ngonda, and Black Thought
50%
The Mountain 2026
50%
The Mountain (feat. Dennis Hopper, Ajay Prasanna, Anoushka Shankar, Amaan Ali Bangash, and Ayaan Ali Bangash) feat. Dennis Hopper, Ajay Prasanna, Anoushka Shankar, Amaan Ali Bangash, and Ayaan Ali Bangash
50%
The Mountain (performed by Hindu Jea Band Jaipur) performed by Hindu Jea Band Jaipur
50%
The Now Now 2018
50%
The Sad God (feat. Black Thought, Ajay Prasanna, and Anoushka Shankar) feat. Black Thought, Ajay Prasanna, and Anoushka Shankar
50%
Welcome to the World of the Plastic Beach (feat. Snoop Dogg) feat. Snoop Dogg
50%
Amarillo
33%
Bobby in Phoenix (feat. Bobby Womack) feat. Bobby Womack
33%
Carnival (feat. Anthony Hamilton) feat. Anthony Hamilton
33%
Casablanca (feat. Paul Simonon and Johnny Marr) feat. Paul Simonon and Johnny Marr
33%
Delirium (feat. Mark E. Smith) feat. Mark E. Smith
33%
Désolé (Extended version) (feat. Fatoumata Diawara) feat. Fatoumata Diawara
33%
Don't Get Lost in Heaven
33%
Double Bass
33%
Empire Ants (feat. Little Dragon) feat. Little Dragon
33%
Fire Coming Out of the Monkey's Head
33%
Hallelujah Money (feat. Benjamin Clementine) feat. Benjamin Clementine
33%
Humanz 2017
33%
Humility (feat. George Benson) feat. George Benson
33%
Idaho
33%
Kansas
33%
Latin Simone (Que Pasa Contigo) feat. Ibrahim Ferrer
33%
M1A1
33%
Man Research (Clapper)
33%
New Gold (Dom Dolla Remix) (feat. Tame Impala and Bootie Brown) Dom Dolla Remix, feat. Tame Impala and Bootie Brown
33%
New Gold (feat. Tame Impala and Bootie Brown) feat. Tame Impala and Bootie Brown
33%
November Has Come feat. MF DOOM
33%
Oil (feat. Stevie Nicks) feat. Stevie Nicks
33%
Orchestral Intro
33%
Pirate Jet
33%
She's My Collar (feat. Kali Uchis) feat. Kali Uchis
33%
Some Kind of Nature (feat. Lou Reed) feat. Lou Reed
33%
Sound Check (Gravtiy)
33%
Starshine
33%
The God of Lying (feat. Idles) feat. Idles
33%
The Happy Dictator (feat. Sparks) feat. Sparks
33%
The Shadowy Light (feat. Asha Bhosle, Gruff Rhys, Ajay Prasanna, Amaan Ali Bangash, and Ayaan Ali Bangash) feat. Asha Bhosle, Gruff Rhys, Ajay Prasanna, Amaan Ali Bangash, and Ayaan Ali Bangash
33%
The Sweet Prince (feat. Ajay Prasanna, Johnny Marr, and Anoushka Shankar) feat. Ajay Prasanna, Johnny Marr, and Anoushka Shankar
33%
Tormenta (feat. Bad Bunny) feat. Bad Bunny
33%
We Got the Power (feat. Jehnny Beth) feat. Jehnny Beth
33%
White Flag (feat. Bashy and Kano) feat. Bashy and Kano
33%
White Light
33%
Aries (feat. Peter Hook and Georgia) feat. Peter Hook and Georgia
17%
Ascension (feat. Vince Staples) feat. Vince Staples
17%
Aspen Forest
17%
Baby Queen
17%
Broken
17%
Busted and Blue
17%
California and the Slipping of the Sun
17%
Captain Chicken (feat. Del The Funky Homosapien) feat. Del The Funky Homosapien
17%
Chalk Tablet Towers (feat. St. Vincent) feat. St. Vincent
17%
Charger (feat. Grace Jones) feat. Grace Jones
17%
Circle of Friendz (feat. Brandon Markell Holmes) feat. Brandon Markell Holmes
17%
Cloud of Unknowing (feat. Bobby Womack) feat. Bobby Womack
17%
Controllah (feat. MC Bin Laden) feat. MC Bin Laden
17%
Crocadillaz (feat. De La Soul and Dawn Penn) feat. De La Soul and Dawn Penn
17%
Dead Butterflies (feat. Kano & Roxani Arias) feat. Kano & Roxani Arias
17%
Detroit
17%
Dracula
17%
Fire Flies
17%
Friday 13th (feat. Octavian) feat. Octavian
17%
Glitter Freeze (feat. Mark E. Smith) feat. Mark E. Smith
17%
Halfway to the Halfway House (feat. Peven Everett) feat. Peven Everett
17%
Hillbilly Man
17%
Hollywood (feat. Snoop Dogg & Jamie Principle) feat. Snoop Dogg & Jamie Principle
17%
How Far? (feat. Tony Allen & Skepta) feat. Tony Allen & Skepta
17%
Interlude: Elevator Going Up
17%
Interlude: New World
17%
Interlude: Penthouse
17%
Interlude: Talk Radio
17%
Interlude: The Elephant
17%
Interlude: The Non-Conformist Oath
17%
Intro: I Switched My Robot Off
17%
Lake Zurich
17%
Left Hand Suzuki Method
17%
Let Me Out (feat. Mavis Staples & Pusha T) feat. Mavis Staples & Pusha T
17%
Little Pink Plastic Bags
17%
Magic City
17%
MLS (feat. JPEGMAFIA & CHAI) feat. JPEGMAFIA & CHAI
17%
Momentary Bliss (feat. Slowthai and Slaves) feat. Slowthai and Slaves
17%
Momentz (feat. De La Soul) feat. De La Soul
17%
New Genius (Brother)
17%
One Percent
17%
Opium (feat. EARTHGANG) feat. EARTHGANG
17%
Out of Body (feat. Kilo Kish, Zebra Katz & Imani Vonshà) feat. Kilo Kish, Zebra Katz & Imani Vonshà
17%
Pac-Man (feat. Schoolboy Q) feat. Schoolboy Q
17%
Phoner to Arizona
17%
Pirate's Progress
17%
Possession Island (feat. Beck) feat. Beck
17%
Revolving Doors
17%
Seattle Yodel
17%
Severed Head (feat. GoldLink & Unknown Mortal Orchestra) feat. GoldLink & Unknown Mortal Orchestra
17%
Sex Murder Party (feat. Jamie Principle & Zebra Katz) feat. Jamie Principle & Zebra Katz
17%
Shy-town
17%
Silent Running (2D Piano Version) (feat. Adeleye Omotayo) 2D Piano Version, feat. Adeleye Omotayo
17%
Silent Running (feat. Adeleye Omotayo) feat. Adeleye Omotayo
17%
Simplicity (feat. Joan As Police Woman) feat. Joan As Police Woman
17%
Skinny Ape
17%
Slow Country
17%
Sorcererz
17%
Souk Eye
17%
Strange Timez (feat. Robert Smith) feat. Robert Smith
17%
Strobelite (feat. Peven Everett) feat. Peven Everett
17%
Submission (feat. Danny Brown & Kelela) feat. Danny Brown & Kelela
17%
Sweepstakes (feat. Mos Def) feat. Mos Def
17%
The Apprentice (feat. Rag'n'Bone Man, Zebra Katz & Ray BLK) feat. Rag'n'Bone Man, Zebra Katz & Ray BLK
17%
The Empty Dream Machine (feat. Black Thought, Johnny Marr, and Anoushka Shankar) feat. Black Thought, Johnny Marr, and Anoushka Shankar
17%
The Joplin Spider
17%
The Lost Chord (feat. Leee John) feat. Leee John
17%
The Parish of Space Dust
17%
The Pink Phantom (feat. Elton John & 6lack) feat. Elton John & 6lack
17%
The Plastic Guru (feat. Johnny Marr and Anoushka Shankar) feat. Johnny Marr and Anoushka Shankar
17%
The Snake in Dallas
17%
The Speak It Mountains
17%
The Tired Influencer
17%
The Valley of the Pagans (feat. Beck) feat. Beck
17%
Ticker Tape (feat. Carly Simon & Kali Uchis) feat. Carly Simon & Kali Uchis
17%
To Binge (feat. Little Dragon) feat. Little Dragon
17%
Tranz
17%
With Love to an Ex (feat. Moonchild Sanelly) feat. Moonchild Sanelly
17%
Bolly Noir (feat. Niloy Ahsan) feat. Niloy Ahsan
0%
Meri Sapno Ki Rani (performed by Hindu Jea Band Jaipur) performed by Hindu Jea Band Jaipur
0%
Noah's Descendants (feat. Pamela Jain & Anoushka Shankar) feat. Pamela Jain & Anoushka Shankar
0%
Song Machine: Season One - Strange Timez 2020
0%
Tanratula
0%
Taxi Back to 80s Reykjavik
0%
The Story of the Mountain
0%
Three Hearts, Seven Seas, Twelve Moons
0%
Aucun quiz correspondant
Distribution des résultats
% des personnes avec chaque résultat
Percentile par nombre de réponses
Votre historique - résultats
Vous n’avez pas pris ce quiz